Statistiques concernant Les serpents les plus dangereux d'Afrique du Sud

Cliquez ici pour prendre le quiz!

Statistiques générales

  • Ce quiz a été pris 25 fois
  • Le résultat moyen est 4 sur 10

Statistiques - réponses

ClassementSerpent% Correct
1Mamba noir
100%
7Mamba vert
72%
9Boomslang
39%
4Cobra cracheur du Mozambique
39%
2Cobra du Cap
33%
6Vipère du gabon
28%
3Vipère heurtante
22%
5Cobra des forêts
17%
8Ringhal
6%
10Serpent corail du Cap
6%

Distribution des résultats

Percentile par nombre de réponses

% des personnes avec chaque résultat

Votre développement - résultats

Vous n’avez pas pris ce quiz